01421nam a2200313 i 4500003000900000005001700009006001900026007000300045008004100048020001800089040003000107082001400137100004700151245007800198264004600276300005500322336002700377337003300404338002900437500007500466504004100541590002700582600003900609600003300648942001400681952014900695952024600844999001701090DO-SdBNP20241021093727.0a||||gr|||| 00| 0 ta240524e2013 dr ac||| |||| 00| e spa d a9789945489620 aDO-SdBNPbspacBNPHUerda 4bA473N2221 aNova, Manuel, d1963 -eautor4aut.98555210aAnselmo Paulino Álvarez :bel ojo mágico de Trujillo / cManuel Nova. 4aSanto Domingo :bEditora Corripio,c2013. a202 páginas :bilustraciones, retratos ;c23 cm. atextobtxt2rdacontent asin mediaciónbn2rdamedia avolumenbnc2rdacarrierl aIncluye datos biográficos del autor en las solapas de las cubiertas. aBibliografía : páginas 201 - 202 aInventariado 2024 / MF14aPaulino Álvarez, Anselmo,98555314aNova, Manuel d1963 -985552 2ddccLBS1 00102ddc51708PDaBNPHUbBNPHUcCTd2024-05-08eDonado por Ministerio de la Mujerl0oBNPHU PD A473Np2024-3145r2024-05-24w2024-05-24yLBS1 00102ddc51708PDaBNPHUbBNPHUcCTd2024-10-21eDonado por la Presidencia de la República Dominicana 2023.l0oBNPHU PD A473Np2024-6012r2024-10-21te.2w2024-10-21yLBS1zPerteneció a la biblioteca personal de Emilio Cordero Michel. c56751d56751